000 00635nam a22002057a 4500
003 OSt
005 20250712024406.0
008 250712b |||||||| |||| 00| 0 eng d
020 _a978-981-3312-87-6
040 _aDWCL-Main Lib
_cOC
082 _aCirc. 579 C874m 2024
100 _aCowan, Marjorie Kelly
245 _aMicrobiology:
_ba systems approach/
_cMarjorie Kelly Cowan & Heidi Smith
250 _aSeventh Edtion
260 _aNew York:
_bMcGraw Hill,
_cc2024.
300 _av, 750 pages:
_billustrations;
_c28 cm.
650 _a1. Microbiology
700 _aSmith, Heidi
942 _2ddc
_cBK-CIRC
_eSeventh edition
_kCirc.
_n0
999 _c3635
_d3635